[Event "Russian Championship G13 1st league 2016"]
[Site "Loo"]
[Date "2016.04.28"]
[Round "9.1"]
[White "Kokueva, Alisa"]
[Black "Shestakova, Ekaterina"]
[Result "1/2-1/2"]
[WhiteElo "1512"]
[BlackElo "1740"]
[PlyCount "80"]
[EventDate "2016.04.20"]

1. e4 c5 2. Nf3 e6 3. d4 cxd4 4. Nxd4 Nf6 5. Nc3 d6 6. g4 h6 7. h3 Be7 8. Be3
a6 9. Bg2 O-O 10. Qe2 Nc6 11. O-O-O Bd7 12. f4 Nh7 13. e5 Qc7 14. exd6 Bxd6 15.
Qd2 Rfd8 16. g5 hxg5 17. fxg5 Nxd4 18. Qxd4 Be5 19. Qb6 Rab8 20. Qxc7 Bxc7 21.
Be4 Bc6 22. h4 Be5 23. Bxc6 bxc6 24. Rxd8+ Rxd8 25. Rd1 Rxd1+ 26. Nxd1 f6 27.
g6 Nf8 28. h5 Nd7 29. Nf2 f5 30. Nh3 Bg3 31. Bf4 Bxf4+ 32. Nxf4 e5 33. Nd3 a5
34. a3 Kf8 35. Kd2 Ke7 36. b4 e4 37. Nf4 axb4 38. axb4 Ne5 39. Ke3 Kf6 40. Nh3
Ke6 1/2-1/2

[Event "Russian Championship G13 1st league 2016"]
[Site "Loo"]
[Date "2016.04.28"]
[Round "9.2"]
[White "Karelina, Viktoriya"]
[Black "Pogorelskikh, Sofia"]
[Result "1-0"]
[WhiteElo "1673"]
[BlackElo "1686"]
[PlyCount "89"]
[EventDate "2016.04.20"]

1. e4 c5 2. Nc3 Nc6 3. Nge2 g6 4. d4 cxd4 5. Nxd4 Bg7 6. Be3 Nf6 7. f3 O-O 8.
Qd2 d5 9. Nxc6 bxc6 10. Rd1 Be6 11. exd5 Nxd5 12. Nxd5 Qxd5 13. Qxd5 Bxd5 14.
c4 Be6 15. b3 Rfd8 16. Bd3 a5 17. Ke2 a4 18. Bc2 axb3 19. Bxb3 Kf8 20. Bb6 Rdb8
21. Bc5 Ke8 22. g4 h5 23. gxh5 Ra5 24. Be3 Rxh5 25. Bf4 Ra8 26. Bd2 Be5 27. h4
Bf6 28. Bg5 Ra5 29. Bxf6 exf6 30. Kd3 Raf5 31. Ke3 Rh8 32. Rd6 c5 33. Rb6 Rfh5
34. a4 Kd7 35. a5 Rxh4 36. Rd1+ Kc7 37. Rdd6 Bd7 38. Rxf6 Re8+ 39. Kf2 Be6 40.
Ba4 Rxc4 41. Bxe8 Kd8 42. Bxf7 Ke7 43. Rbxe6+ Kd7 44. Rd6+ Ke7 45. Bxc4 1-0

[Event "Russian Championship G13 1st league 2016"]
[Site "Loo"]
[Date "2016.04.28"]
[Round "9.3"]
[White "Kombar, Mariya"]
[Black "Artiukhova, Elizaveta"]
[Result "1/2-1/2"]
[WhiteElo "1497"]
[BlackElo "1443"]
[PlyCount "114"]
[EventDate "2016.04.20"]

1. e4 c5 2. Nf3 Nc6 3. d4 cxd4 4. Nxd4 Nf6 5. Nc3 e6 6. a3 Be7 7. Be3 O-O 8.
Be2 a6 9. O-O Qc7 10. Qd2 Rd8 11. f4 Nxd4 12. Bxd4 Bc5 13. Qe3 Bxd4 14. Qxd4 d5
15. Rad1 b5 16. e5 Nd7 17. Bd3 Qb6 18. Qxb6 Nxb6 19. Ne2 Bb7 20. Nd4 Rac8 21.
f5 exf5 22. Nxf5 Rc7 23. Nd6 Nc8 24. Nxb7 Rxb7 25. Bf5 Ne7 26. Bg4 Rb6 27. Bf3
g6 28. Rfe1 a5 29. Rd4 b4 30. axb4 Rxb4 31. Rxb4 axb4 32. c3 bxc3 33. bxc3 d4
34. Rd1 d3 35. Rd2 g5 36. Be4 Ng6 37. Bxg6 hxg6 38. Kf2 Rd5 39. Ke3 Rxe5+ 40.
Kxd3 Rd5+ 41. Kc2 Rxd2+ 42. Kxd2 f5 43. Ke3 Kf7 44. h3 Ke6 45. Kd4 Kd6 46. c4
Kc6 47. Ke5 Kc5 48. Kf6 g4 49. hxg4 fxg4 50. g3 Kxc4 51. Kg5 Kd5 52. Kxg4 Ke6
53. Kg5 Kf7 54. Kh6 Kf6 55. g4 g5 56. Kh5 Kf7 57. Kxg5 Kg7 1/2-1/2

[Event "Russian Championship G13 1st league 2016"]
[Site "Loo"]
[Date "2016.04.28"]
[Round "9.4"]
[White "Safronova, Aleksandra"]
[Black "Mikhailina, Elena"]
[Result "1/2-1/2"]
[WhiteElo "1686"]
[BlackElo "1529"]
[PlyCount "115"]
[EventDate "2016.04.20"]

1. e4 c5 2. Nf3 e6 3. d4 cxd4 4. Nxd4 a6 5. Bd3 Nc6 6. Nxc6 bxc6 7. c4 d5 8.
O-O Nf6 9. Nc3 Bb7 10. Bg5 Be7 11. exd5 cxd5 12. cxd5 Nxd5 13. Bxe7 Qxe7 14.
Qa4+ Qd7 15. Qxd7+ Kxd7 16. Ne4 Ke7 17. Nc5 Nf4 18. Be4 Bxe4 19. Nxe4 Rac8 20.
Rfd1 Rc2 21. Rd2 Rxd2 22. Nxd2 Rc8 23. g3 Rc2 24. gxf4 Rxd2 25. b4 Rd4 26. Rb1
Rxf4 27. a4 Kd7 28. Kg2 a5 29. bxa5 Rxa4 30. Rb7+ Ke8 31. Rb8+ Ke7 32. Rh8 Rxa5
33. Rxh7 Kf6 34. Rh3 Rg5+ 35. Kf1 Kg6 36. Rf3 f6 37. Re3 e5 38. Re4 Kf5 39. f3
Kg6 40. Kf2 Rf5 41. Kg3 Rh5 42. Kg2 Kg5 43. Rg4+ Kh6 44. Re4 Rg5+ 45. Kf2 Kh5
46. Rb4 Rf5 47. Rg4 Kh6 48. Kg3 Rg5 49. h4 Rxg4+ 50. fxg4 g6 51. Kf3 f5 52. h5
gxh5 53. gxf5 Kg5 54. Ke4 h4 55. Kxe5 h3 56. f6 h2 57. f7 h1=Q 58. f8=Q 1/2-1/2

[Event "Russian Championship G13 1st league 2016"]
[Site "Loo"]
[Date "2016.04.28"]
[Round "9.5"]
[White "Larina, Tatiana"]
[Black "Semenova, Dariya"]
[Result "1/2-1/2"]
[WhiteElo "1666"]
[BlackElo "1511"]
[PlyCount "99"]
[EventDate "2016.04.20"]

1. e4 e6 2. d4 d5 3. e5 c5 4. c3 Qb6 5. Nf3 Nc6 6. a3 c4 7. Nbd2 Na5 8. Be2 Ne7
9. O-O Bd7 10. Ne1 O-O-O 11. a4 f6 12. f4 Ng6 13. Kh1 Be7 14. Qc2 Nh4 15. Ndf3
Nb3 16. Ra2 Nxf3 17. Nxf3 Be8 18. Bd2 Bg6 19. Qd1 Be4 20. Be3 Rdg8 21. Nd2 Nxd2
22. Qxd2 h6 23. Raa1 Qd8 24. Bh5 g6 25. Bf3 Bd3 26. Rf2 fxe5 27. fxe5 h5 28. b4
g5 29. Be2 Bf5 30. Rff1 g4 31. Bd1 h4 32. Bc2 Rf8 33. Bxf5 exf5 34. Rf4 Qd7 35.
Raf1 Bg5 36. R4f2 g3 37. Rf3 Bxe3 38. Qxe3 Qxa4 39. Qg5 Rhg8 40. Qxh4 gxh2 41.
Qe7 Qc2 42. R1f2 Qe4 43. Qe6+ Kb8 44. Rxf5 Re8 45. Qd6+ Ka8 46. Rf8 Rgxf8 47.
Rxf8 Qe1+ 48. Kxh2 Qh4+ 49. Kg1 Qe1+ 50. Kh2 1/2-1/2

[Event "Russian Championship G13 1st league 2016"]
[Site "Loo"]
[Date "2016.04.28"]
[Round "9.6"]
[White "Garafutdinova, Diana"]
[Black "Izbekova, Evdokia"]
[Result "1-0"]
[WhiteElo "1530"]
[BlackElo "1509"]
[PlyCount "63"]
[EventDate "2016.04.20"]

1. e4 c5 2. Nf3 d6 3. d4 cxd4 4. Nxd4 Nf6 5. Nc3 a6 6. Bd3 e6 7. O-O Be7 8. Kh1
Qc7 9. Be3 Nc6 10. f4 b5 11. Qe2 Bb7 12. Nxc6 Bxc6 13. a3 Qb7 14. Bd4 O-O 15.
Rf3 Nd7 16. Rg3 e5 17. fxe5 dxe5 18. Be3 Nc5 19. Bh6 Ne6 20. Qg4 Bd7 21. Nd5
Bd8 22. h4 f6 23. Bxg7 Ng5 24. Qh5 Kxg7 25. hxg5 fxg5 26. Rf3 Rxf3 27. Qxf3 Be6
28. Rf1 Be7 29. Qg3 Bxd5 30. Qxe5+ Kh6 31. exd5 Rd8 32. Rf7 1-0

[Event "Russian Championship G13 1st league 2016"]
[Site "Loo"]
[Date "2016.04.28"]
[Round "9.7"]
[White "Semenova, Daria"]
[Black "Zavgorodneva, Ekaterina"]
[Result "1-0"]
[WhiteElo "1441"]
[BlackElo "1531"]
[PlyCount "87"]
[EventDate "2016.04.20"]

1. d4 d5 2. Nf3 e6 3. c4 c6 4. g3 Nf6 5. Bg2 Bd6 6. Nc3 O-O 7. O-O Nbd7 8. Nd2
dxc4 9. Nxc4 Bc7 10. e4 e5 11. d5 cxd5 12. exd5 Nb6 13. Ne3 Bd6 14. b3 Bc5 15.
Bb2 Bd4 16. Qd2 a6 17. Rfd1 Nbd7 18. Nf5 Bxc3 19. Bxc3 Nc5 20. Qc2 Re8 21. Ne3
b6 22. Bb4 Nfd7 23. Rac1 Bb7 24. Qe2 Rc8 25. Nc4 Qf6 26. Bc3 b5 27. Ne3 Ba8 28.
Ng4 Qd6 29. Bb4 Rc7 30. Ne3 Qb6 31. Qd2 Nb7 32. Rxc7 Qxc7 33. Rc1 Qd8 34. Qc2
a5 35. Bd2 Nb6 36. Be4 Qd6 37. Bxh7+ Kh8 38. Bd3 Rc8 39. Qd1 Rc5 40. Rxc5 Nxc5
41. Qh5+ Kg8 42. Qh7+ Kf8 43. Qh8+ Ke7 44. Nf5+ 1-0

[Event "Russian Championship G13 1st league 2016"]
[Site "Loo"]
[Date "2016.04.28"]
[Round "9.8"]
[White "Korobitsyna, Olesya"]
[Black "Shagimardanova, Ramilya"]
[Result "0-1"]
[WhiteElo "1607"]
[BlackElo "1413"]
[PlyCount "80"]
[EventDate "2016.04.20"]

1. d4 d5 2. Nf3 Nf6 3. c4 c6 4. Qc2 g6 5. Bf4 Bf5 6. Qb3 Qb6 7. c5 Qxb3 8. axb3
Bg7 9. e3 O-O 10. Be2 Nbd7 11. Ne5 Nxe5 12. Bxe5 b6 13. b4 bxc5 14. bxc5 Nd7
15. Bxg7 Kxg7 16. Nd2 e5 17. O-O exd4 18. exd4 Rfe8 19. Rfe1 Reb8 20. b3 Rb4
21. Nf3 Rxb3 22. h3 a5 23. g4 Bd3 24. Bd1 Rb4 25. Re7 Nb8 26. Re8 Rb7 27. Ne5
Bb5 28. g5 a4 29. Rb1 a3 30. Ra1 a2 31. Nf3 Bd3 32. Nd2 Rb2 33. Nb3 Rb1 34. Kh2
Bc4 35. Bc2 Rb2 36. Bd1 Bxb3 37. Bxb3 Rxb3 38. Re2 Rd3 39. Rexa2 Rxa2 40. Rxa2
Rxd4 0-1

[Event "Russian Championship G13 1st league 2016"]
[Site "Loo"]
[Date "2016.04.28"]
[Round "9.9"]
[White "Tinina, Kristina"]
[Black "Ershova, Margarita"]
[Result "1-0"]
[WhiteElo "1595"]
[BlackElo "1513"]
[PlyCount "99"]
[EventDate "2016.04.20"]

1. e4 d5 2. exd5 Qxd5 3. Nc3 Qd6 4. d4 Nf6 5. Nf3 c6 6. h3 Bf5 7. Bc4 e6 8. O-O
Be7 9. Qe2 O-O 10. Rd1 Nd5 11. Nxd5 cxd5 12. Bb3 Nc6 13. c3 a6 14. Be3 Rac8 15.
Qd2 Na5 16. Bf4 Qb6 17. Ne5 Nxb3 18. axb3 Qxb3 19. Bg3 h6 20. Qe2 Bg5 21. Ra3
Qc2 22. Qxc2 Bxc2 23. Re1 Be7 24. Raa1 Rfd8 25. Rac1 Bf5 26. Bh2 h5 27. g4 hxg4
28. hxg4 Be4 29. f3 Bh7 30. Rcd1 Bg5 31. Kg2 Bc2 32. Ra1 f6 33. f4 fxe5 34.
fxg5 e4 35. Be5 Bd3 36. Rh1 Be2 37. Kg3 Bf3 38. Rh2 Rf8 39. g6 Rfd8 40. Rh7 Rd7
41. Rf1 Rc4 42. Rf2 Kf8 43. Rh8+ Ke7 44. Bxg7 Rd8 45. Rxd8 Kxd8 46. Bf6+ Ke8
47. Rh2 Rc8 48. Rh8+ Kd7 49. Rxc8 Kxc8 50. g7 1-0

[Event "Russian Championship G13 1st league 2016"]
[Site "Loo"]
[Date "2016.04.28"]
[Round "9.10"]
[White "Pichnenko, Nina"]
[Black "Vorobieva, Varvara"]
[Result "1-0"]
[WhiteElo "1439"]
[BlackElo "1480"]
[PlyCount "91"]
[EventDate "2016.04.20"]

1. e4 e5 2. Nf3 Nc6 3. Bb5 a6 4. Ba4 Nf6 5. d3 b5 6. Bb3 Bc5 7. c3 d6 8. h3 h6
9. Nbd2 O-O 10. Nf1 Bb6 11. Ng3 Ne7 12. O-O Bb7 13. Nh2 Nd7 14. Kh1 Kh8 15. Ng4
Ng8 16. f4 exf4 17. Rxf4 Ndf6 18. Qf1 Bc8 19. Nxf6 Nxf6 20. Rh4 Nh7 21. Rf4 Be6
22. Nf5 Bxb3 23. axb3 f6 24. Rh4 Qd7 25. Nxg7 Qxg7 26. Bxh6 Qf7 27. Bxf8 Qxf8
28. Qf5 Qg7 29. Rf1 Rf8 30. d4 Rg8 31. Rg4 Qf7 32. e5 dxe5 33. dxe5 Rxg4 34.
Qxg4 Qxb3 35. exf6 Qf7 36. Qc8+ Qf8 37. Qxa6 Nxf6 38. Qxb5 Qe7 39. Qg5 Ng8 40.
Qh5+ Qh7 41. Qf3 Qc2 42. Kh2 Qg6 43. Rd1 Qg7 44. Rd8 Bc5 45. Qh5+ Qh7 46. Qxc5
1-0

[Event "Russian Championship G13 1st league 2016"]
[Site "Loo"]
[Date "2016.04.28"]
[Round "9.11"]
[White "Shubina, Ekaterina"]
[Black "Makarova, Anastasiya"]
[Result "1-0"]
[WhiteElo "1469"]
[BlackElo "1385"]
[PlyCount "65"]
[EventDate "2016.04.20"]

1. d4 d5 2. Bf4 e6 3. e3 Nf6 4. c4 b6 5. Nc3 a6 6. Nf3 Nbd7 7. Bd3 Bb7 8. O-O
Be7 9. Ne5 c5 10. cxd5 exd5 11. dxc5 bxc5 12. Bf5 Nxe5 13. Bxe5 O-O 14. Qf3 Ra7
15. Rad1 Qb6 16. Bxf6 Qxf6 17. Nxd5 Bxd5 18. Rxd5 Qxb2 19. a4 Qb4 20. Bxh7+
Kxh7 21. Rh5+ Kg8 22. Qh3 f6 23. Rh8+ Kf7 24. Qh5+ Ke6 25. Rd1 Qc4 26. Rxf8
Bxf8 27. Qe8+ Re7 28. Qxf8 Qxa4 29. Qg8+ Rf7 30. Qd8 Rd7 31. Qe8+ Kf5 32. Qxd7+
Qxd7 33. Rxd7 1-0

[Event "Russian Championship G13 1st league 2016"]
[Site "Loo"]
[Date "2016.04.28"]
[Round "9.12"]
[White "Sidorova, Alyona"]
[Black "Oreshkina, Natalia"]
[Result "1-0"]
[WhiteElo "1375"]
[BlackElo "1513"]
[PlyCount "85"]
[EventDate "2016.04.20"]

1. d4 d5 2. c4 e6 3. Nc3 Be7 4. Nf3 Nf6 5. Bg5 Nbd7 6. e3 O-O 7. Bd3 dxc4 8.
Bxc4 a6 9. Rc1 b5 10. Bd3 Bb7 11. O-O Rc8 12. a3 c5 13. Qe2 Qb6 14. h3 Rfd8 15.
dxc5 Nxc5 16. Bb1 Bxf3 17. Qxf3 Nb3 18. Bxf6 Bxf6 19. Qe4 g6 20. Qf4 Nxc1 21.
Qxf6 Nb3 22. Ne4 Qb7 23. Qh4 Nd2 24. Nf6+ Kg7 25. Re1 h6 26. Ng4 h5 27. Qf6+
Kh7 28. Ne5 Rf8 29. Bd3 Nb3 30. Qg5 Kg8 31. Qh6 Qc7 32. f4 Nd2 33. Rd1 Nb3 34.
Bxg6 fxg6 35. Rd7 Qxd7 36. Nxd7 Rf7 37. Qxg6+ Rg7 38. Qxe6+ Kh8 39. Ne5 Rc1+
40. Kh2 Rc2 41. Nf7+ Kh7 42. Qe4+ Rg6 43. Qxc2 1-0

[Event "Russian Championship G13 1st league 2016"]
[Site "Loo"]
[Date "2016.04.28"]
[Round "9.13"]
[White "Frolova, Lada"]
[Black "Batarova, Alina"]
[Result "1/2-1/2"]
[WhiteElo "1378"]
[BlackElo "1503"]
[PlyCount "81"]
[EventDate "2016.04.20"]

1. e4 e5 2. Nf3 Nc6 3. d4 exd4 4. Nxd4 Nf6 5. Nxc6 bxc6 6. Bd3 Bb4+ 7. c3 Bc5
8. O-O O-O 9. Nd2 d5 10. exd5 cxd5 11. Nb3 Bb6 12. Bg5 Qd6 13. Bxf6 Qxf6 14.
Qh5 h6 15. Qxd5 Be6 16. Qe4 g6 17. Bc4 Bxc4 18. Qxc4 Rad8 19. a4 c6 20. a5 Bc7
21. Nc5 Qf4 22. Qxf4 Bxf4 23. Rad1 Rfe8 24. Rfe1 Rxe1+ 25. Rxe1 Rd2 26. g3 Bc7
27. b4 Rc2 28. Re3 Bd6 29. Nb7 Bf8 30. Nd8 c5 31. bxc5 Bxc5 32. Rf3 f5 33. Ne6
Be7 34. Nf4 Kf7 35. Nd5 Ra2 36. Nxe7 Kxe7 37. Kf1 Rxa5 38. Ke2 Rd5 39. Rd3 Rxd3
40. Kxd3 Kd6 41. Kc4 1/2-1/2

[Event "Russian Championship G13 1st league 2016"]
[Site "Loo"]
[Date "2016.04.28"]
[Round "9.14"]
[White "Dedushinskaya, Anna"]
[Black "Surkova, Ekaterina"]
[Result "0-1"]
[WhiteElo "1366"]
[BlackElo "1482"]
[PlyCount "64"]
[EventDate "2016.04.20"]

1. e4 d5 2. exd5 Qxd5 3. d4 Nf6 4. Nc3 Qa5 5. Nf3 c6 6. Bd2 Qc7 7. Bc4 Bf5 8.
O-O Nbd7 9. Re1 e6 10. Nh4 Bg6 11. d5 cxd5 12. Bxd5 O-O-O 13. Bf3 Qc4 14. Nxg6
hxg6 15. Ne4 Qc7 16. g3 Ne5 17. Bg2 Nc4 18. Re2 Nxe4 19. Bxe4 Qd7 20. Bd3 Nxb2
21. Qc1 Na4 22. Ba5 Nb6 23. Rb1 Bc5 24. Qd2 Rh3 25. Bxb6 Bxb6 26. Qc3+ Qc7 27.
Qxg7 Bd4 28. Rb4 Bxg7 29. Rc4 Qxc4 30. Bxc4 Rdh8 31. Bxe6+ fxe6 32. Rxe6 Rxh2
0-1

[Event "Russian Championship G13 1st league 2016"]
[Site "Loo"]
[Date "2016.04.28"]
[Round "9.15"]
[White "Emelyanenko, Marina"]
[Black "Moskaleva, Arina"]
[Result "0-1"]
[WhiteElo "1451"]
[BlackElo "1392"]
[PlyCount "40"]
[EventDate "2016.04.20"]

1. e4 c5 2. Ne2 e6 3. g3 d5 4. Bg2 dxe4 5. Bxe4 Nf6 6. Bg2 Bd7 7. Bxb7 Nc6 8.
Bxa8 Qxa8 9. Rg1 Ne5 10. Kf1 Nfg4 11. Rg2 Bc6 12. Ng1 Bxg2+ 13. Ke1 Nf3+ 14.
Qxf3 Bxf3 15. Nxf3 Qxf3 16. d3 Qxf2+ 17. Kd1 Qf3+ 18. Ke1 Be7 19. Nd2 Qe3+ 20.
Kd1 Nf2# 0-1

[Event "Russian Championship G13 1st league 2016"]
[Site "Loo"]
[Date "2016.04.28"]
[Round "9.16"]
[White "Lukianchenko, Alisa"]
[Black "Sych, Alina"]
[Result "0-1"]
[WhiteElo "1349"]
[BlackElo "1442"]
[PlyCount "104"]
[EventDate "2016.04.20"]

1. c4 c5 2. Nc3 g6 3. Nf3 Bg7 4. e3 Nf6 5. d4 cxd4 6. Nxd4 O-O 7. Be2 Nc6 8.
O-O Nxd4 9. exd4 d6 10. d5 Bf5 11. Bf3 Rc8 12. Qe2 Nd7 13. Be3 Ne5 14. Be4 Bxe4
15. Nxe4 Nxc4 16. Bc1 Qc7 17. Rb1 Nb6 18. Rd1 Qc4 19. Qxc4 Rxc4 20. Ng3 Rc5 21.
Be3 Rxd5 22. Bxb6 Rxd1+ 23. Rxd1 axb6 24. Re1 e6 25. Ne4 d5 26. Nd6 Bxb2 27.
Nxb7 Ra8 28. a4 Rxa4 29. Nd6 Ra1 30. Rxa1 Bxa1 31. Kf1 Be5 32. Nb5 Kg7 33. h3
Kf6 34. Ke2 Kf5 35. g3 Ba1 36. f4 e5 37. Nd6+ Ke6 38. fxe5 Bxe5 39. Nb5 Bxg3
40. Kd3 Ke5 41. Nd4 f5 42. Nf3+ Kf4 43. Nd4 Bf2 44. Ne6+ Kg3 45. Ng5 h6 46. Nf7
Kxh3 47. Nxh6 f4 48. Ke2 Bc5 49. Kf3 Be3 50. Ng4 b5 51. Nxe3 fxe3 52. Kxe3 g5
0-1

[Event "Russian Championship G13 1st league 2016"]
[Site "Loo"]
[Date "2016.04.28"]
[Round "9.17"]
[White "Silchenko, Karina"]
[Black "Shamsutdinova, Karina"]
[Result "1/2-1/2"]
[WhiteElo "1310"]
[BlackElo "1437"]
[PlyCount "91"]
[EventDate "2016.04.20"]

1. f4 e6 2. Nf3 Nf6 3. g3 g6 4. Bg2 Bg7 5. d3 d5 6. O-O O-O 7. Qe1 b6 8. e4 Bb7
9. Nh4 dxe4 10. dxe4 Qd4+ 11. Qe3 Nxe4 12. c3 Qxe3+ 13. Bxe3 Nd6 14. Bxb7 Nxb7
15. Nd2 Nc6 16. Rad1 Nd6 17. Ndf3 Nc4 18. Bc1 Rad8 19. Ng2 Ne7 20. Ne3 Nxe3 21.
Bxe3 Nf5 22. Bf2 f6 23. Bd4 c5 24. Bf2 e5 25. fxe5 fxe5 26. Rfe1 Rde8 27. Re4
Nxg3 28. Bxg3 Rxf3 29. Rd7 Rf7 30. Rd5 Rfe7 31. Bh4 Rf7 32. Bg3 Ref8 33. Bxe5
Rf1+ 34. Kg2 Bxe5 35. Rdxe5 R1f2+ 36. Kg3 R8f3+ 37. Kg4 h5+ 38. Kg5 Rg2+ 39.
Kh6 Kf7 40. Re7+ Kf6 41. R4e6+ Kf5 42. Re5+ Kf6 43. R7e6+ Kf7 44. Re7+ Kf6 45.
R5e6+ Kf5 46. Re5+ 1/2-1/2

[Event "Russian Championship G13 1st league 2016"]
[Site "Loo"]
[Date "2016.04.28"]
[Round "9.18"]
[White "Nasonova, Elizaveta"]
[Black "Vityugova, Yaroslava"]
[Result "0-1"]
[WhiteElo "1410"]
[BlackElo "1386"]
[PlyCount "68"]
[EventDate "2016.04.20"]

1. d4 e6 2. c4 f5 3. Nc3 Nf6 4. Nf3 b6 5. Bf4 Bb7 6. e3 Bb4 7. Be2 O-O 8. Qb3
Bxc3+ 9. Qxc3 Ne4 10. Qc2 d6 11. O-O Nd7 12. Nd2 Nxd2 13. Qxd2 Qe8 14. Qd1 Nf6
15. Bf3 Ne4 16. Qd3 Qg6 17. Rac1 Rad8 18. b4 e5 19. Bg3 Nxg3 20. Bxb7 Nxf1 21.
Rxf1 e4 22. Qb3 Kh8 23. Qa4 Qf7 24. d5 f4 25. exf4 Qxf4 26. Qb3 Rde8 27. Bc6
Re7 28. g3 Qf3 29. Qxf3 exf3 30. h4 Re2 31. a4 Rb2 32. b5 Ra2 33. Re1 Re2 34.
Rf1 Rf7 0-1

[Event "Russian Championship G13 1st league 2016"]
[Site "Loo"]
[Date "2016.04.28"]
[Round "9.19"]
[White "Timofeeva, Juliya"]
[Black "Tolstykh, Arina"]
[Result "1-0"]
[WhiteElo "1393"]
[BlackElo "1254"]
[PlyCount "101"]
[EventDate "2016.04.20"]

1. e4 c5 2. c3 d5 3. exd5 Qxd5 4. d4 Nc6 5. Nf3 Bg4 6. Be2 e6 7. O-O Nf6 8. Be3
Rd8 9. dxc5 Bxc5 10. Qxd5 Rxd5 11. Bc4 Rh5 12. Nd4 Bxd4 13. cxd4 Bf5 14. Nc3
Bg6 15. Be2 Rh4 16. g3 Rh3 17. Kg2 Bf5 18. f3 h5 19. a3 a6 20. Rfd1 Ne7 21. Bd3
Bxd3 22. Rxd3 h4 23. Kxh3 hxg3+ 24. Kxg3 Nf5+ 25. Kg2 Nh4+ 26. Kf2 Nh5 27. d5
Nf5 28. d6 Nf6 29. Bf4 Rh4 30. Bg3 Nxg3 31. Kxg3 Rc4 32. Ne4 Nd5 33. Nc3 Nxc3
34. Rxc3 Rd4 35. Rc7 b5 36. Rc6 a5 37. Rc5 b4 38. Rxa5 bxa3 39. bxa3 Rxd6 40.
Rc5 Ra6 41. a4 Kd7 42. a5 g6 43. Rd1+ Ke7 44. Rb5 Kf6 45. Ra1 g5 46. Rb6 Ra7
47. a6 Ra8 48. a7 Ke7 49. Rb8 Rxa7 50. Rxa7+ Kf6 51. Rf8 1-0

[Event "Russian Championship G13 1st league 2016"]
[Site "Loo"]
[Date "2016.04.28"]
[Round "9.20"]
[White "Tarielashvili, Diana"]
[Black "Zhurova, Anna"]
[Result "1/2-1/2"]
[WhiteElo "1441"]
[BlackElo "1595"]
[PlyCount "66"]
[EventDate "2016.04.20"]

1. b3 Nf6 2. Bb2 d5 3. g3 e6 4. Bg2 c5 5. d3 Nc6 6. Nd2 Bd7 7. c4 d4 8. Ngf3
Rc8 9. a3 a5 10. a4 b6 11. Ba3 Bd6 12. Ng5 h6 13. Nge4 Nxe4 14. Nxe4 Bb8 15.
Nd2 Nb4 16. Bxb4 axb4 17. Nf3 Bc6 18. Nh4 Bxg2 19. Nxg2 Qc7 20. O-O O-O 21. Qd2
Qc6 22. Nf4 Bxf4 23. Qxf4 Qc7 24. Qxc7 Rxc7 25. Ra2 Ra7 26. Rfa1 Rfa8 27. Kf1
Kf8 28. Ke1 Ke7 29. Kd2 Kd6 30. Kd1 Kd7 31. Kd2 Kd6 32. Kd1 Kd7 33. Kd2 Kd6
1/2-1/2

[Event "Russian Championship G13 1st league 2016"]
[Site "Loo"]
[Date "2016.04.28"]
[Round "9.21"]
[White "Tletseri, Julietta"]
[Black "Airapetyan, Anzhelika"]
[Result "1-0"]
[WhiteElo "1546"]
[BlackElo "1416"]
[PlyCount "85"]
[EventDate "2016.04.20"]

1. e4 e6 2. d4 d5 3. exd5 exd5 4. c4 Bb4+ 5. Nc3 Bxc3+ 6. bxc3 Nf6 7. Bd3 O-O
8. h3 Re8+ 9. Ne2 dxc4 10. Bxc4 Nd5 11. O-O c6 12. Qc2 Be6 13. Bd3 Nf6 14. Bd2
Qd7 15. Nf4 Bd5 16. Rfe1 Qd8 17. Rxe8+ Qxe8 18. Re1 Qd8 19. c4 Be6 20. Nxe6
fxe6 21. Bc3 Qd7 22. d5 cxd5 23. cxd5 Nxd5 24. Bxh7+ Kh8 25. Bb2 Nc6 26. Bg6
Rc8 27. Qe4 Nd8 28. Qh4+ Kg8 29. Qh7+ Kf8 30. Qh8+ Ke7 31. Qxg7+ Kd6 32. Be5+
Kc6 33. Rc1+ Kb6 34. Bd4+ Ka6 35. Qxd7 Rxc1+ 36. Kh2 Nc6 37. Bd3+ Ka5 38. Qxe6
Nb6 39. Qf5+ Nd5 40. Qxd5+ Rc5 41. Qxc5+ Ka4 42. Qb5+ Ka3 43. Qb3# 1-0

[Event "Russian Championship G13 1st league 2016"]
[Site "Loo"]
[Date "2016.04.28"]
[Round "9.22"]
[White "Baneva, Darina"]
[Black "Andreeva, Anastasiia"]
[Result "1-0"]
[WhiteElo "1255"]
[BlackElo "1513"]
[PlyCount "93"]
[EventDate "2016.04.20"]

1. e4 e6 2. d4 d5 3. Nd2 dxe4 4. Nxe4 Nf6 5. Nxf6+ Qxf6 6. Nf3 Nc6 7. Bg5 Qf5
8. Bd3 Qd5 9. O-O h6 10. Be3 Qd8 11. Bb5 Bd7 12. d5 exd5 13. Qxd5 Bd6 14. Bd3
Qe7 15. Bc4 Nb4 16. Qd2 Bg4 17. Be2 Bd7 18. a3 Nc6 19. b4 a6 20. c4 Qd8 21. c5
Be7 22. Bd3 Bf6 23. Rac1 Be6 24. Rb1 O-O 25. Rfd1 h5 26. Qc2 Qe7 27. Bc4 Bxc4
28. Qxc4 Rfd8 29. Re1 Qd7 30. Bg5 Bxg5 31. Nxg5 Qd5 32. Re8+ Rxe8 33. Qxd5 Re7
34. h3 Rae8 35. Qf5 g6 36. Qf6 Ne5 37. Rd1 Nd7 38. Qf4 Nb8 39. Kh2 Nc6 40. Re1
f5 41. Rxe7 Rxe7 42. Qc4+ Kf8 43. Ne6+ Ke8 44. Nd4 Nd8 45. Qg8+ Kd7 46. Qxg6
Re5 47. Nxf5 1-0

[Event "Russian Championship G13 1st league 2016"]
[Site "Loo"]
[Date "2016.04.28"]
[Round "9.23"]
[White "Pavlosiuk, Vlada"]
[Black "Volkova, Alina"]
[Result "0-1"]
[WhiteElo "1318"]
[BlackElo "1469"]
[PlyCount "52"]
[EventDate "2016.04.20"]

1. e4 e6 2. Nf3 d5 3. Nc3 Nf6 4. e5 Nfd7 5. d4 c5 6. dxc5 Nc6 7. Bf4 Bxc5 8.
Bd3 O-O 9. Bxh7+ Kh8 10. Bd3 f6 11. Nh4 Kg8 12. Qh5 f5 13. g4 Ncxe5 14. Bxe5
Nxe5 15. gxf5 Qxh4 16. Qe2 Nxd3+ 17. cxd3 Rxf5 18. Rf1 Qxh2 19. Nb5 Re5 20. d4
Rxe2+ 21. Kxe2 Qh5+ 22. f3 Bb6 23. Rh1 Qe8 24. Nc3 Bxd4 25. Rh4 Bxc3 26. bxc3
Qb5+ 0-1

[Event "Russian Championship G13 1st league 2016"]
[Site "Loo"]
[Date "2016.04.28"]
[Round "9.24"]
[White "Ivanova, Anastasia"]
[Black "Sharikova, Arina"]
[Result "0-1"]
[WhiteElo "1460"]
[BlackElo "1381"]
[PlyCount "64"]
[EventDate "2016.04.20"]

1. Nf3 d5 2. d4 c6 3. g3 Nf6 4. Bg2 Bf5 5. O-O h6 6. Nc3 e6 7. Bf4 Be7 8. Re1
O-O 9. Ne5 Nbd7 10. Qd2 Nh5 11. Rac1 Nxf4 12. gxf4 Nxe5 13. dxe5 f6 14. Rcd1
fxe5 15. fxe5 Qe8 16. e4 Bg4 17. Rb1 Bc5 18. Rf1 Qg6 19. Kh1 Bf3 20. Bxf3 Rxf3
21. Rg1 Qh5 22. Rg2 Raf8 23. Qd1 Qxe5 24. exd5 exd5 25. Qe1 Qh5 26. Qe6+ Kh8
27. Qd7 R8f7 28. Qe6 Rxf2 29. Rxf2 Rxf2 30. Qc8+ Kh7 31. Qc7 Qf3+ 32. Kg1 Rf1#
0-1

[Event "Russian Championship G13 1st league 2016"]
[Site "Loo"]
[Date "2016.04.28"]
[Round "9.25"]
[White "Abrarova, Rimma"]
[Black "Starostina, Alexandra"]
[Result "0-1"]
[WhiteElo "1529"]
[BlackElo "1345"]
[PlyCount "92"]
[EventDate "2016.04.20"]

1. e4 e5 2. d4 d6 3. Bc4 c6 4. dxe5 dxe5 5. Bxf7+ Ke7 6. Qf3 Nf6 7. Bb3 Bg4 8.
Qd3 Qxd3 9. cxd3 Na6 10. Be3 Be6 11. Bd1 Rd8 12. Nf3 Rxd3 13. Bxa7 Rd8 14. Bb6
Rc8 15. Nc3 Nd7 16. Be3 h6 17. a3 Kf7 18. b4 Ra8 19. Be2 Nxb4 20. Bd1 Na6 21.
O-O Be7 22. Ne2 Nac5 23. Ng3 Nb3 24. Rb1 Rxa3 25. Nf5 c5 26. Nxe7 Kxe7 27. Nh4
Kf6 28. f4 Rd8 29. Nf5 Bxf5 30. fxe5+ Ke7 31. exf5 c4 32. f6+ gxf6 33. exf6+
Nxf6 34. Bxh6 Ke6 35. Bg5 Rf8 36. Bg4+ Ke7 37. Rbe1+ Kd6 38. Bxf6 Kc6 39. Bf3+
Kb5 40. Be7 Rfa8 41. Bxa3 Rxa3 42. Bxb7 c3 43. Be4 Ra2 44. Rf2 Nd2 45. Rc1 Kb4
46. Rc2 Ra1+ 0-1

[Event "Russian Championship G13 1st league 2016"]
[Site "Loo"]
[Date "2016.04.28"]
[Round "9.26"]
[White "Ganzhina, Maria"]
[Black "Abramova, Maria"]
[Result "0-1"]
[WhiteElo "1356"]
[BlackElo "1507"]
[PlyCount "68"]
[EventDate "2016.04.20"]

1. e4 c5 2. Nf3 d6 3. d4 cxd4 4. Nxd4 Nf6 5. Nc3 a6 6. Be3 e6 7. Qd2 Be7 8. Bd3
Qc7 9. f4 b5 10. Nf3 Bb7 11. a3 Nc6 12. h3 O-O 13. Qf2 b4 14. Ne2 bxa3 15. Rxa3
d5 16. Ra4 dxe4 17. Bb6 Qd6 18. Bxe4 Nxe4 19. Rxe4 Nd4 20. Rxd4 Qxb6 21. Rd1
Bc5 22. Qg3 Qxb2 23. Ne5 Rfd8 24. Rc1 a5 25. Nd3 Qb6 26. Nc3 Bb4 27. Nxb4 axb4
28. Ne2 Ba6 29. Rb1 Qb5 30. Qf2 Rac8 31. Ng3 Qc4 32. Rd1 Qc3+ 33. Rd2 Qa1+ 34.
Rd1 Qxd1# 0-1